000 00344nam a22001577a 4500
003 SGT
020 _a9787-93-82428-56-5
082 _a612.015
_bB14S
100 _aSINGLA, SHWETA
245 _aBIOPHYSICS FOR NURSES
250 _a1ST
260 _aINDIA
_bKUMAR PUB
_c2014
300 _a127
650 _aBIOCHEMISTRY
942 _2ddc
_cBK
_04
999 _c20137
_d20137